| 000 | 01210nam a22002175i 4500 | ||
|---|---|---|---|
| 001 | 167556 | ||
| 003 | ES-MaACL | ||
| 005 | 20230906213541.0 | ||
| 008 | 050926s1883 sp | |||||||| ||spa d | ||
| 040 |
_aCAM _bspa _cCAM |
||
| 100 | 1 |
_aVillafranca y Alfaro, Benigno. _9114922 |
|
| 245 | 1 | 0 | _aDiscursos leídos en la sesión de aniversario celebrada por la Sociedad Española de Hidrología Médica el día 4 de marzo de 1883 por el ... Dr. D. Benigno Villafranca y Alfaro y por el ... Dr. D. José María Bonilla y Carrasco. |
| 260 |
_aMadrid : _b[s.n.], _c1883 ( _fEstablecimiento tipográfico de M. Minuesa) |
||
| 300 |
_a53, [3] p. ; _c24 cm. |
||
| 505 | 8 | _aResúmen de las tareas de la Sociedad Española de Hidrología Médica en el bienio de 1881 á 1883 / Benigno Villafranca y Alfaro: p. 3-17. El pasado y el presente de la hidrología médica / José María Bonilla: p. 21-53 | |
| 610 | 2 | 4 |
_aSociedad Española de Hidrología Médica- _vMemorias y balances. _9134884 |
| 650 | 4 |
_aHidroterapia. _913343 |
|
| 700 | 0 |
_aBonilla y Carrasco, José María. _930189 |
|
| 852 |
_aES-MaACL _jT-353-F-15 _z-- Enc. hol., falto de la cub. original _z-- Enc. en un vol. facticio |
||
| 852 |
_aES-MaACL _jT-355-F-7 |
||
| 999 |
_c167556 _d167556 |
||